00814nam a2200181 a 450000100100000000500170001000800410002702000150006804000250008308200160010810000320012424500530015626002100020930000250041949000810044450400300052583000770055500002757320200930030932.0110401s2004 dr 000 0 spa d a9945000209 aDO-SdBNPbspacBNPHU axxxxbM662m1 aMimenza Aurrecoechea, Ander10aPlan de Marketing /cAnder Mimenza Aurrecoechea. aSanto Domingo :bAlianza ONG, Programa de Fortalecimiento de Capacidades de Organizaciones sin Fines de Lucro en Gestión, marketing y tecnologías de la Información :bW. K. Kellogg Foundation,c2004. axii, 55 p. ;c23 cm.1 aManuales para el fortalecimiento de Organizaciones sin Fines de Lucrovno. 9 aBibliografía : p. 53-55 0aManuales para el fortalecimiento de Organizaciones sin Fines de Lucrov9